000 00360nam a22001577a 4500
003 CEME
005 20210628202702.0
008 210305b xxu||||| |||| 00| 0 eng d
040 _c.
082 _a0333 WAS
100 _aM.Zargham ,Osama.Taqhreen
_961075
245 _aPc networking
260 _aRAWALPINDI
_bPDF
_c1991
300 _aPDF
942 _cBK
_2ddc
999 _c570634
_d570634